000 00999cam a22002531 4500
001 e 28000046
003 DLC
005 20260227111218.0
008 810212s1926 vau 000 0 eng c
010 _ae 28000046
035 _a(OCoLC)7121534
040 _aLibrary, U.S. Office of Education
_cVi
_dVi
_dDLC
042 _apremarc
050 0 0 _aLB1561.V8
_bA3 1926
110 1 _aVirginia.
_bState Board of Education.
245 1 0 _aState course of study, elementary schools of Virginia:
_bphysical and health education.
260 _aRichmond,
_bD. Bottom, Supt. of Public Print.,
_c1926.
300 _a163 p.
_billus. (music)
_c23 cm.
490 1 _aIts Bulletin.
_vvol. 9, no. 1. July, 1924. Suppl. no. 1
500 _a"Prepared by Eliot V. Graves, state supervisor of physical education."--Foreword.
650 0 _aPhysical education and training
_zVirginia.
700 1 _aGraves, Eliot V.
810 1 _aVirginia.
_bState Board of Education.
_tBulletin.
_vvol. 9, no. 1. July, 1924. Suppl. no. 1.
999 _c20900
_d20900